[Event "Mostoles op 6th"]
[Site "Mostoles"]
[Date "2013.07.16"]
[Round "1"]
[White "Pablos Tenrero, Raquel"]
[Black "Sancinena Arpide, Juan"]
[Result "1-0"]
[WhiteElo "1982"]
[BlackElo "1678"]
[PlyCount "73"]
[EventDate "2013.07.16"]
[EventType "swiss"]
[EventRounds "9"]
[EventCountry "ESP"]
[SourceTitle "EXT 2014"]
[Source "ChessBase"]
[SourceDate "2013.11.20"]
[SourceVersion "1"]
[SourceVersionDate "2013.11.20"]
[SourceQuality "1"]

1. e4 Nf6 2. e5 Nd5 3. c4 Nb6 4. d4 d6 5. exd6 exd6 6. Nc3 Be7 7. Be3 Nc6 8. b3 Bf5 9. Nf3 0-0 10. Be2 Nd7 11. 0-0 Nf6 12. Rc1 Ne4 13. Nd5 Bf6 14. Bd3 Ne7 15. Bxe4 Bxe4 16. Nxf6+ gxf6 17. Nh4 Qd7 18. Bh6 Rfe8 19. Qh5 Bg6 20. Qf3 Nf5 21. Nxf5 Bxf5 22. Qxb7 Be4 23. Qb4 Bxg2 24. Rc3 Re4 25. Rg3+ Rg4 26. Kxg2 Qf5 27. Qb7 Re8 28. Qf3 Rxg3+ 29. hxg3 Qg6 30. Be3 Re4 31. Rh1 Qg4 32. Qxf6 Rxe3 33. fxe3 Qe4+ 34. Qf3 Qc2+ 35. Qf2 Qe4+ 36. Kh2 Qg6 37. Rf1 1-0